Loading...

കൊലപാതകികളായ സ്ത്രീകള്‍ /

Bibliographic Details
Main Author: ചന്ദ്രന്‍, ആര്‍
Other Authors: Chandran, R.
Format: Printed Book
Language:English
Published: കൊല്ലം : സൈന്ധവ ബുക്സ്, 2014.
Edition:1st ed.
Subjects:
LEADER 00792nam a22001937a 4500
008 140807b xxu||||| |||| 00| 0 eng d
999 |c 7513  |d 7513 
082 |a 894.1301   |b CHA 
100 |a ചന്ദ്രന്‍, ആര്‍. 
240 |a Kolapathakikalaya sthreekal 
245 |a കൊലപാതകികളായ സ്ത്രീകള്‍ /  |c ആര്‍. ചന്ദ്രന്‍ 
250 |a 1st ed. 
260 |a കൊല്ലം :  |b സൈന്ധവ ബുക്സ്,  |c 2014. 
300 |a 87p. 
650 |a Stories 
650 |a Crime stories 
700 |a Chandran, R. 
942 |2 ddc  |c BK 
952 |0 0  |1 0  |2 ddc  |4 0  |6 894_130100000000000_CHA  |7 0  |9 10577  |a MAIN  |b MAIN  |d 2014-08-07  |e Saindhava Books, Kollam  |g 75.00  |l 3  |o 894.1301 CHA  |p 10572  |r 2019-03-02  |s 2019-02-27  |t 1  |w 2014-08-07  |y BK